10k+ Cities in Saskatchewan - Statistics

General Stats
  • This quiz has been taken 30 times
  • The average score is 7 of 11
Answer Stats
City Population % Correct
Regina 245,640
100%
Saskatoon 295,204
100%
Moose Jaw 35,554
85%
North Battleford 14,301
75%
Yorkton 16,977
75%
Prince Albert 39,068
70%
Swift Current 17,573
65%
Estevan 10,980
60%
Weyburn 11,553
45%
Warman 13,672
40%
Martensville 11,718
25%
No matching quizzes found
Score Distribution
Percent of People with Each Score
Percentile by Number Answered
Your Score History
You have not taken this quiz